000 00329nam a2200145Ia 4500
100 _aNone
942 _cBK
654 _aelectronics
245 _aDigital data Demand & Reformatting Receiver trainer- ST 2107 OM
260 _bnone
_aIndore
082 _a621.381536
_bSCI
300 _a56
546 _aENGLISH
999 _c33939
_d33939